|
|
|
|
| LEADER |
00913nam a2200241 a 4500 |
| 001 |
GR-Patra7041 |
| 008 |
991022s gr 000 b ger d |
| 020 |
|
|
|a 3190014795
|
| 040 |
|
|
|a GrPaTEI
|b gre
|c GR-PaULI
|
| 245 |
0 |
0 |
|a Deutsch im hotel :
|b Kommunikatives Lehrwerk fur Deutschlerner im Fach Hotelgewerbe
|n 2\.
|
| 260 |
|
|
|a Ismaning :
|b Hueber Verlag,
|c c1989
|
| 300 |
|
|
|a 134σ. :
|b εικ.
|
| 650 |
|
4 |
|a ΓΕΡΜΑΝΙΚΗ ΓΛΩΣΣΑ
|
| 650 |
|
4 |
|a ΓΕΡΜΑΝΙΚΗ ΓΛΩΣΣΑ
|
| 650 |
|
4 |
|a ΞΕΝΟΔΟΧΕΙΑ
|
| 650 |
|
4 |
|a ΞΕΝΟΔΟΧΕΙΑ
|
| 700 |
1 |
|
|a Barberis, Paola
|
| 700 |
1 |
|
|a Bruno, Elena
|
| 710 |
0 |
|
|a Hueber Verlag
|
| 942 |
|
|
|2 ddc
|
| 952 |
|
|
|0 0
|1 0
|2 ddc
|4 0
|6 438_000000000000000_BAR
|7 1
|9 288329
|a LISK
|b LISK
|c BSC
|d 2021-01-17
|e 24
|f 0
|g 0.00
|l 0
|o 438 BAR
|p 92410010648
|r 2021-01-17 00:00:00
|t 1
|w 2021-01-17
|y BKN
|x 19991024 0 0
|x GrPaTEI
|
| 971 |
|
|
|a .b26545561
|b 15-04-20
|c 23-09-16
|
| 999 |
|
|
|c 168169
|d 168169
|